Modeling and control of river quality

Αποθηκεύτηκε σε:
Λεπτομέρειες βιβλιογραφικής εγγραφής
Μορφή: Βιβλίο
Γλώσσα:English
Δημοσίευση: London : McGraw-Hill, c1979
Σειρά:McGraw-Hill series in water resources and environmental engineering
Θέματα:
Ετικέτες: Προσθήκη ετικέτας
Δεν υπάρχουν, Καταχωρήστε ετικέτα πρώτοι!

MARC

LEADER 00000cam a2200000 i 4500
001 1/87970
008 970507s1979 eng d
020 |a 0-07-052925-6 
035 |l 10006843 
040 |a GR-MY-UA  |b gre  |e aacr 
041 0 |a eng 
082 0 |a 628.16881693 
245 1 0 |a Modeling and control of river quality /  |c S. Rinaldi ... [et al.] 
260 |a London :   |b McGraw-Hill,   |c c1979 
300 |a xiv, 380 p.;  |c 25 cm 
490 1 |a McGraw-Hill series in water resources and environmental engineering 
504 |a Includes bibliographical references and index 
650 0 0 |a Water quality  |x Mathematical models. 
830 0 |a McGraw-Hill series in water resources and environmental engineering 
852 |a INST  |b LESVOS  |e 19970507  |h 628.16881693 MOD  |p 005100011365  |q 005100011365  |t BK  |y 0 
909 |a Λ  |b 010325